Najlepsze reprezentacje w piłce nożnej - Statystyki

Ogólne statystyki
  • Ten quiz został rozwiązany 1 956 razy
  • Średni wynik to 31 z 50
Statystyki odpowiedzi
Hint miejsce Podpowiedź Odpowiedź % Poprawnych
22 1559 pkt Polska
98%
2 1838 pkt Argentyna
97%
1 1840 pkt Brazylia
97%
3 1823 pkt Francja
96%
10 1692 pkt Hiszpania
91%
14 1646 pkt Niemcy
91%
9 1702 pkt Portugalia
89%
5 1774 pkt Anglia
87%
8 1723 pkt Włochy
85%
6 1740 pkt Holandia
82%
4 1781 pkt Belgia
81%
37 1491 pkt Rosja
79%
7 1727 pkt Chorwacja
78%
13 1652 pkt Usa
77%
23 1558 pkt Szwecja
76%
20 1593 pkt Japonia
74%
26 1536 pkt Ukraina
74%
15 1635 pkt Meksyk
72%
16 1627 pkt Urugwaj
72%
38 1490 pkt Czechy
71%
11 1672 pkt Maroko
70%
43 1475 pkt Norwegia
68%
12 1655 pkt Szwajcaria
66%
18 1608 pkt Dania
64%
25 1539 pkt Korea Południowa
63%
19 1603 pkt Senegal
62%
34 1497 pkt Austria
60%
17 1612 pkt Kolumbia
59%
27 1533 pkt Australia
58%
39 1490 pkt Egipt
58%
44 1465 pkt Turcja
58%
28 1530 pkt Walia
56%
49 1438 pkt Arabia Saudyjska
54%
36 1493 pkt Węgry
54%
29 1526 pkt Serbia
53%
42 1476 pkt Szkocja
53%
48 1438 pkt Irlandia
52%
21 1564 pkt Peru
48%
41 1477 pkt Ekwador
47%
. 24 1551 pkt Iran
46%
33 1499 pkt Kamerun
42%
35 1494 pkt Nigeria
40%
30 1526 pkt Tunezja
38%
32 1500 pkt Kostaryka
37%
40 1486 pkt Algieria
36%
46 1445 pkt Paragwaj
31%
47 1441 pkt Wybrzeże Kości Słoniowej
26%
45 1449 pkt Mali
10%
31 1506 pkt Czile
6%
50 1434 pkt Burkina Faso
4%
Nie znaleziono quizów pasujących do podanych kryteriów
Rozkład punktacji
Procent ludzi z każdym wynikiem
Percentyl według liczby udzielonych odpowiedzi
Twoja historia wyników
Nie rozwiązałeś tego quizu